Firepower : morden weapons delivery systems of land,sea and air

Bibliographic Details
Main Author: Quarrie, Bruce
Format: Book
Published: London : Apple Press , 1988
Subjects:

MARC

LEADER 00000cam a2200000 7i4500
001 0000001729
002 000001883
005 20000330.0
020 |a 1850761248 
090 0 0 |a 358.4183   |b QUA 
100 1 |a Quarrie, Bruce 
245 1 0 |a Firepower :   |b morden weapons delivery systems of land,sea and air   |c Bruce Quarrie 
260 |a London :   |b Apple Press ,   |c 1988 
300 |a 128p. :   |b ill. ;   |c 28cm. 
650 0 0 |a Military arm forces 
999 |a 034905   |b BUKU   |c RUJUKAN   |e PERPUSTAKAAN KOMUNITI PETALING JAYA